Click Fast to Save the World - Statistics

General Stats
  • This quiz has been taken 1,455 times
  • The average score is 174 of 196
Answer Stats
Hint Extra Hint Answer % Correct
3,208 M United States Click to Save!
99%
3,487 M Indonesia Click to Save!
99%
4,176 M Brazil Click to Save!
99%
1,439 M India Click to Save!
98%
2,873 M China Click to Save!
98%
3,731 M Pakistan Click to Save!
98%
3,959 M Nigeria Click to Save!
98%
4,350 M Bangladesh Click to Save!
98%
4,494 M Russia Click to Save!
98%
4,623 M Mexico Click to Save!
98%
4,752 M Ethiopia Click to Save!
98%
4,875 M Japan Click to Save!
98%
4,994 M Philippines Click to Save!
98%
5,108 M Egypt Click to Save!
98%
5,213 M D.R. Congo Click to Save!
98%
5,212 M Vietnam Click to Save!
98%
5,302 M Iran Click to Save!
98%
5,388 M Turkey Click to Save!
98%
5,471 M Germany Click to Save!
98%
5,543 M Thailand Click to Save!
98%
5,612 M Tanzania Click to Save!
98%
5,680 M United Kingdom Click to Save!
98%
5,748 M France Click to Save!
98%
5,809 M South Africa Click to Save!
97%
5,868 M Italy Click to Save!
97%
5,924 M Kenya Click to Save!
97%
5,979 M Myanmar Click to Save!
97%
6,031 M Colombia Click to Save!
97%
6,083 M South Korea Click to Save!
97%
6,133 M Uganda Click to Save!
97%
6,182 M Sudan Click to Save!
97%
6,229 M Spain Click to Save!
97%
6,275 M Iraq Click to Save!
97%
6,321 M Algeria Click to Save!
97%
6,367 M Argentina Click to Save!
97%
6,410 M Afghanistan Click to Save!
96%
6,450 M Poland Click to Save!
96%
6,489 M Canada Click to Save!
96%
6,528 M Morocco Click to Save!
96%
6,566 M Ukraine Click to Save!
96%
6,604 M Angola Click to Save!
96%
6,641 M Saudi Arabia Click to Save!
96%
6,677 M Uzbekistan Click to Save!
96%
6,712 M Yemen Click to Save!
96%
6,747 M Mozambique Click to Save!
96%
6,782 M Ghana Click to Save!
96%
6,817 M Peru Click to Save!
96%
6,852 M Malaysia Click to Save!
96%
6,883 M Nepal Click to Save!
96%
6,914 M Madagascar Click to Save!
96%
6,943 M Ivory Coast Click to Save!
96%
6,972 M Venezuela Click to Save!
96%
7,001 M Cameroon Click to Save!
96%
7,029 M Niger Click to Save!
96%
7,056 M Australia Click to Save!
96%
7,082 M North Korea Click to Save!
95%
7,106 M Syria Click to Save!
95%
7,130 M Taiwan Click to Save!
95%
7,154 M Mali Click to Save!
95%
7,178 M Burkina Faso Click to Save!
95%
7,200 M Sri Lanka Click to Save!
95%
7,221 M Malawi Click to Save!
95%
7,242 M Zambia Click to Save!
95%
7,262 M Kazakhstan Click to Save!
95%
7,282 M Romania Click to Save!
95%
7,302 M Chile Click to Save!
95%
7,321 M Chad Click to Save!
95%
7,340 M Somalia Click to Save!
95%
7,358 M Ecuador Click to Save!
95%
7,376 M Guatemala Click to Save!
95%
7,394 M Senegal Click to Save!
95%
7,412 M Netherlands Click to Save!
95%
7,429 M Cambodia Click to Save!
95%
7,446 M Zimbabwe Click to Save!
95%
7,461 M Israel & Palestine Click to Save!
94%
7,475 M Guinea Click to Save!
94%
7,489 M Rwanda Click to Save!
94%
7,503 M Benin Click to Save!
94%
7,517 M Burundi Click to Save!
94%
7,530 M Tunisia Click to Save!
94%
7,543 M Bolivia Click to Save!
94%
7,555 M Haiti Click to Save!
94%
7,567 M Belgium Click to Save!
94%
7,578 M Dominican Republic Click to Save!
94%
7,589 M Jordan Click to Save!
94%
7,600 M South Sudan Click to Save!
93%
7,611 M Cuba Click to Save!
93%
7,622 M Honduras Click to Save!
93%
7,633 M Sweden Click to Save!
93%
7,644 M Czech Republic Click to Save!
93%
7,655 M Papua New Guinea Click to Save!
93%
7,664 M Azerbaijan Click to Save!
93%
7,674 M Greece Click to Save!
93%
7,684 M Tajikistan Click to Save!
93%
7,694 M Portugal Click to Save!
93%
7,704 M Hungary Click to Save!
93%
7,714 M United Arab Emirates Click to Save!
93%
7,723 M Belarus Click to Save!
93%
7,732 M Togo Click to Save!
93%
7,741 M Austria Click to Save!
93%
7,750 M Sierra Leone Click to Save!
93%
7,759 M Switzerland Click to Save!
93%
7,767 M Laos Click to Save!
93%
7,774 M Nicaragua Click to Save!
93%
7,781 M Serbia Click to Save!
93%
7,788 M Libya Click to Save!
93%
7,795 M Paraguay Click to Save!
93%
7,802 M Kyrgyzstan Click to Save!
93%
7,809 M Bulgaria Click to Save!
93%
7,816 M Turkmenistan Click to Save!
93%
7,822 M El Salvador Click to Save!
93%
7,828 M Republic of the Congo Click to Save!
93%
7,834 M Singapore Click to Save!
92%
7,840 M Denmark Click to Save!
92%
7,846 M Central African Republic Click to Save!
92%
7,852 M Slovakia Click to Save!
92%
7,858 M Finland Click to Save!
92%
7,864 M Liberia Click to Save!
92%
7,870 M Norway Click to Save!
92%
7,875 M New Zealand Click to Save!
92%
7,880 M Costa Rica Click to Save!
92%
7,885 M Lebanon Click to Save!
91%
7,890 M Ireland Click to Save!
91%
7,895 M Mauritania Click to Save!
91%
7,900 M Oman Click to Save!
91%
7,905 M Panama Click to Save!
91%
7,909 M Kuwait Click to Save!
91%
7,913 M Croatia Click to Save!
91%
7,917 M Eritrea Click to Save!
91%
7,921 M Georgia Click to Save!
90%
7,924 M Mongolia Click to Save!
90%
7,927 M Uruguay Click to Save!
90%
7,930 M Moldova Click to Save!
90%
7,933 M Bosnia and Herzegovina Click to Save!
89%
7,936 M Gambia Click to Save!
89%
7,939 M Albania Click to Save!
89%
7,942 M Jamaica Click to Save!
89%
7,945 M Armenia Click to Save!
89%
7,948 M Qatar Click to Save!
88%
7,951 M Botswana Click to Save!
88%
7,954 M Lithuania Click to Save!
88%
7,957 M Namibia Click to Save!
88%
7,959 M Gabon Click to Save!
88%
7,961 M Lesotho Click to Save!
88%
7,963 M Guinea-Bissau Click to Save!
87%
7,965 M Slovenia Click to Save!
87%
7,967 M North Macedonia Click to Save!
87%
7,969 M Latvia Click to Save!
87%
7,971 M Equatorial Guinea Click to Save!
87%
7,973 M Kosovo Click to Save!
86%
7,975 M Trinidad and Tobago Click to Save!
86%
7,976 M Bahrain Click to Save!
86%
7,977 M East Timor Click to Save!
86%
7,978 M Estonia Click to Save!
85%
7,979 M Mauritius Click to Save!
85%
7,980 M Cyprus Click to Save!
84%
7,981 M Eswatini Click to Save!
84%
7,982 M Djibouti Click to Save!
83%
7,983 M Fiji Click to Save!
83%
7,984 M Comoros Click to Save!
83%
7,985 M Guyana Click to Save!
82%
7,986 M Bhutan Click to Save!
82%
7,987 M Solomon Islands Click to Save!
81%
7,988 M Luxembourg Click to Save!
81%
7,989 M Suriname Click to Save!
80%
7,990 M Montenegro Click to Save!
79%
7,991 M Cape Verde Click to Save!
79%
7,992 M Malta Click to Save!
79%
7,991 M Maldives Click to Save!
78%
7,992 M Brunei Click to Save!
76%
7,993 M Belize Click to Save!
76%
7,994 M Bahamas Click to Save!
75%
7,995 M Iceland Click to Save!
74%
7,996 M Vanuatu Click to Save!
73%
7,997 M Barbados Click to Save!
72%
7,998 M Sao Tome and Principe Click to Save!
71%
7,999 M Samoa Click to Save!
71%
8,000 M Saint Lucia Click to Save!
69%
8,001 M Kiribati Click to Save!
69%
8,002 M Grenada Click to Save!
68%
8,003 M Federated States of Micronesia Click to Save!
68%
8,004 M Tonga Click to Save!
67%
8,005 M Seychelles Click to Save!
65%
8,006 M Saint Vincent and the Grenadines Click to Save!
64%
8,007 M Antigua and Barbuda Click to Save!
63%
8,008 M Andorra Click to Save!
62%
8,009 M Dominica Click to Save!
61%
8,010 M Saint Kitts and Nevis Click to Save!
60%
8,011 M Marshall Islands Click to Save!
59%
8,012 M Liechtenstein Click to Save!
58%
8,013 M Monaco Click to Save!
58%
8,014 M San Marino Click to Save!
57%
8,015 M Palau Click to Save!
56%
8,016 M Nauru Click to Save!
56%
8,017 M Tuvalu Click to Save!
55%
8,018 M Vatican City Click to Save!
53%
No matching quizzes found
Score Distribution
Percent of People with Each Score
Percentile by Number Answered
Your Score History
You have not taken this quiz